1471 1217 1237 1290 1563 1100 1383 1363 1803 1891 1678 1791 1022 1539 1063 1923 1829 1685 1222 1071 1901 1883 1959 1093 1724 1208 1602 1318 1018 1825 1594 1617 1888 1489 1277 1895 1733 1463 1022 1454 1541 1147 1661 1768 1322 1761 1339 1339 1680 1336 1390 1135 1008 1815 1154 1777 1931 1839 1388 1270 1198 1627 1409 1764 1795 1045 1331 1307 1779 1370 1390 1629 1069 1912 1073 1169 1213 1809 1763 1711 1673 1743 1938 1344 1171 1649 1860 1882 1745 1387 1975 1089 1352 1810 1471 1673 1277 1148 1464 BCNSPRNW ULIB Ver.6.0+V

เปลี่ยนเป็นภาษาไทย

Change to English
 แสดงรายละเอียดบรรณานุกรม
  กลับหน้าหลัก

Brief Record : Get Marc (ISO 2709) : E-mail record : QR code < ปิดหน้าต่าง
LEADER : 00000nam 2200000uu 4500
001    13399124423
003     ULIB
008    020711s2550 th a 000 0 tha d
020    9789749899281
090    นว.^bย111ค
100    โยโคมิโซะ เซซิ ;^eเขียน
245    คินดะอิจิยอดนักสืบ ตอนที่4 : ร่างทรงมรณะ/^cโยโคมิโซะ เซซิ ; เขียน , เสาวณีย์ นวรัตน์จำรูญ ; แปล
250    พิมพ์ครั้งที่ 6
260    กรุงเทพฯ :^bjbook,^c2550
300    296 หน้า;^b21 ซม.
650    นิยายแปล
700    เสาวณีย์ นวรัตน์จำรูญ ;^eแปล
710    jbook
945    ^p220^l0^i22984
999    ^aทศพร เกษรทอง
รายการนี้ยังไม่มีแท็ก
คุณยังไม่ได้ล็อกอิน คุณสามารถมีกิจกรรมร่วมกับเว็บไซต์ได้ แต่ต้องล็อกอินก่อน ::
  ล็อกอิน

รายการสื่อสารสนเทศ

ลำดับที่ ประเภท เลขเรียก/บาร์โค้ด สถานที่ สถานะ
1. นวนิยาย
นวนิยาย
นว. ย111ค ฉ.1 
  Barcode: 22984
ห้องสมุดวิทยาเขตนครสวรรค์
►นวนิยาย:l:Fiction
บนชั้น

รายการใกล้เคียง
    หัวเรื่อง [นิยายแปล]

BibComment


ยังไม่เคยถูกคอมเมนท์

คอมเมนท์ทรัพยากรรายการนี้
  คอมเมนท์: คินดะอิจิยอดนักสื..


 Copyright 2026. Bcnsprnw @Library